000 01019cam a22002654a 4500
001 12274825
005 20040503073509.0
008 010109s2001 enka b 001 0 eng
010 _a 2001017177
020 _a0826447546 (hardback)
040 _aDLC
_cDLC
_dDLC
042 _apcc
043 _an-us---
050 0 0 _aML3506
_b.S47 2001
100 1 _aShipton, Alyn.
245 1 2 _aA new history of jazz /
_cAlyn Shipton.
260 _aLondon ;
_aNew York :
_bContinuum,
_c2001
_g(2002 printing)
300 _ax, 965 p. :
_bill. ;
_c25 cm.
504 _aIncludes bibliographical references (p. 931-940) and indexes.
650 0 _aJazz
_xHistory and criticism.
906 _a7
_bcbc
_corignew
_d1
_eocip
_f20
_gy-gencatlg
942 _2lcc
_cBK
999 _c39501
_d39501